F1 Youngest Driver to Score Points - Statistics

General Stats
  • This quiz has been taken 16 times
  • The average score is 7 of 10
Answer Stats
Age Place Race Country Driver % Correct
18 years, 203 days 4th 2025 Australian Grand Prix Italy Kimi Antonelli
100%
17 years, 180 days 7th 2015 Malaysian Grand Prix Netherlands Max Verstappen
92%
19 years, 138 days 6th 2019 Bahrain Grand Prix United Kingdom Lando Norris
77%
18 years, 305 days 7th 2024 Saudi Arabian Grand Prix United Kingdom Oliver Bearman
77%
18 years, 225 days 9th 2017 Canadian Grand Prix Canada Lance Stroll
69%
19 years, 349 days 8th 2007 United States Grand Prix Germany Sebastian Vettel
69%
19 years, 324 days 9th 2014 Australian Grand Prix Russia Daniil Kvyat
62%
18 years, 212 days 8th 2026 Australian Grand Prix United Kingdom Arvid Lindblad
54%
20 years, 67 days 6th 2000 Brazilian Grand Prix United Kingdom Jenson Button
54%
20 years, 12 days 9th 2010 Malaysian Grand Prix Spain Jaime Alguersuari
23%
No matching quizzes found
Score Distribution
Percent of People with Each Score
Percentile by Number Answered
Your Score History
You have not taken this quiz